Vliv společenské odpovědnosti na výkonnost firem

Pojem spoločenská zodpovednosť firiem (Corporate Social Responsibility). Súčasný stav vplyvu spoločenskej zodpovenosti firiem na výkonnosť firiem.

Saved in:
Bibliographic Details
Main Author: Kuldová, Lucie
Format: Book Chapter
Language:Czech
Subjects:
Tags: Add Tag
No Tags, Be the first to tag this record!

MARC

LEADER 00000nla a2200000 4500
001 0152777
005 20220718113716.3
041 0 |a cze 
044 |a CZ 
245 1 0 |a Vliv společenské odpovědnosti na výkonnost firem  |c Lucie Kuldová 
520 |a Pojem spoločenská zodpovednosť firiem (Corporate Social Responsibility). Súčasný stav vplyvu spoločenskej zodpovenosti firiem na výkonnosť firiem. 
610 2 0 |a zodpovednosť spoločenská 
610 2 0 |a podnikanie zodpovedné 
610 2 0 |a podnik 
610 2 0 |a výkonnosť 
610 2 0 |a výkony podnikové 
100 1 |a Kuldová, Lucie